|
|
|
|
| LEADER |
00919pam a22002538a 4500 |
| 001 |
00020993 |
| 005 |
20171026081022.0 |
| 008 |
110521s1987 ||||||Viesd |
| 041 |
0 |
# |
|a Vie
|
| 082 |
1 |
4 |
|a 895.922 1
|b TR527TH
|
| 100 |
0 |
# |
|a Hải Anh
|
| 245 |
0 |
0 |
|a Truyện Thạch Sanh
|c Mai Anh; Tá Nhí; Mai Xuân Hải
|
| 260 |
# |
# |
|a H.
|b Văn học
|c 1987
|
| 300 |
# |
# |
|a 107 tr.
|c 19 cm.
|
| 490 |
# |
# |
|a Tủ sách văn học mọi nhà, Văn học Việt Nam
|
| 653 |
# |
# |
|a Thơ
|
| 653 |
# |
# |
|a Văn học Việt Nam
|
| 700 |
0 |
# |
|a Mai Xuân Hải
|e Giới thiệu
|
| 700 |
0 |
# |
|a Tá Nhí
|e Biên soạn
|
| 852 |
# |
# |
|b Kho mượn
|j KM.0009140, KM.0011458, KM.0011459
|
| 852 |
# |
# |
|b Kho đọc
|j KD.0006372
|
| 852 |
# |
# |
|j KM.0009140
|j KM.0011458
|j KM.0011459
|j KD.0006372
|j KM.0025580
|
| 910 |
0 |
# |
|a Phương
|d 21/05/2011
|
| 980 |
# |
# |
|a Trung tâm Học liệu Lê Vũ Hùng, Trường Đại học Đồng Tháp
|